LIBRARY & INFORMATION CENTRE, KCAET, TAVANUR

ONLINE PUBLIC ACCESS CATALOGUE (OPAC)

Rubaiyat of Omar Khayam / (Record no. 3681)

MARC details
000 -LEADER
fixed length control field 00410cam a2200169ua 4500
041 ## - LANGUAGE CODE
Language code of text/sound track or separate title hin
082 ## - DEWEY DECIMAL CLASSIFICATION NUMBER
Classification number 891.43
Item number MAY/RU
100 ## - MAIN ENTRY--AUTHOR NAME
Personal name Mythilisaran, Gupta .
245 ## - TITLE STATEMENT
Title Rubaiyat of Omar Khayam /
260 ## - PUBLICATION, DISTRIBUTION, ETC. (IMPRINT)
Place of publication :
Name of publisher Sahitya Sadan ,
Year of publication 1959.
300 ## - PHYSICAL DESCRIPTION
Number of Pages 42 ; .
942 ## - ADDED ENTRY ELEMENTS (KOHA)
Koha item type Books
Holdings
Withdrawn status Lost status Damaged status Home library Current library Date acquired Full call number Accession Number Koha item type Public note
Withdrawn     KAUAET Sanskrit University 07/04/2012 891.43 6442 Books Transferred to Sanskrit University
free website counter